banner-ar

فى الهواء الطلق: اشعار / (Record no. 37907)

MARC details
000 -الفاتح
حقل البيانات ثابتة الطول 00337nam a2200133Ia 4500
008 - عناصر البيانات ثابتة الطول - معلومات عامة
حقل البيانات ثابتة الطول 140319s9999 xx 000 0 ara d
040 ## - مصدر الفهرسة
وكالة الفهرسة الأصلية GCL /
وكالة النسخ GCL
082 04 - رقم تصنيف ديوى العشرى
رقم التصنيف 811.9
رقم المادة ع ف
100 1# - المدخل الرئيسى - إسم شخصى
الإسم الشخصى على السبتى
245 10 - بيان العنوان
العنوان فى الهواء الطلق: اشعار /
بيان المسئوليه,etc على السبتى
300 ## - الوصف المادى
التعداد 82 ص
490 ## - بيان السلسلة
عنوان السلسلة
Holdings
حالة التراجع حالة الفقد حالة تلف ليس للاعارة المكان المؤقت الموقع الحالى تاريخ الاكتساب اجمالي اﻻعارات رقم الطلب الباركود تاريخ اخر مشاهدة تاريخ تفعيل السعر نوع وعاء كوها
        مكتبة القاهرة الكبرى مكتبة القاهرة الكبرى 03/26/2014   811.9\ع ف 92651 03/26/2014 03/26/2014 كتاب

Powered By

EGPV